Qandeel Baloch: (Record no. 196166)

MARC details
000 -LEADER
fixed length control field 00594nam a22001817a 4500
005 - DATE AND TIME OF LATEST TRANSACTION
control field 20230605151605.0
010 ## - LCCN (DPL NO)
LC control number ENG-137084
020 ## - INTERNATIONAL STANDARD BOOK NUMBER
International Standard Book Number 9789386021946
Terms of availability 599.00
035 ## - SYSTEM CONTROL NUMBER
System control number EN-120616
037 ## - SOURCE OF ACQUISITION
Source of stock number/acquisition DBAD/PUB
082 ## - DEWEY DECIMAL CLASSIFICATION NUMBER
Classification number 792.028092
100 ## - MAIN ENTRY--PERSONAL NAME
Personal name Maher, Sanam
245 ## - TITLE STATEMENT
Title Qandeel Baloch:
Remainder of title The Sensational Life and Death of/
Statement of responsibility, etc by Sanam maher
260 ## - PUBLICATION, DISTRIBUTION, ETC. (IMPRINT)
Place of publication, distribution, etc New Delhi
Name of publisher, distributor, etc Aleph Book Company
Date of publication, distribution, etc 2018
270 ## - ADDRESS
Address 7/16 Ansari Road, Daryaganj
City New Delhi
Postal code 110002
300 ## - PHYSICAL DESCRIPTION
Extent xix, 235p.;
Dimensions 25cm(hbk)
Other physical details Epilogue, Acknowledgements, Notes
942 ## - ADDED ENTRY ELEMENTS (KOHA)
Source of classification or shelving scheme Dewey Decimal Classification
Item type English Books
Call number suffix MAH
Classification part 792.028092
Holdings
Withdrawn status Lost status Not for loan Collection code Home library Current library Date acquired Source of acquisition Cost, normal purchase price Full call number Barcode Copy number Cost, replacement price Koha item type
      Non-fiction Kadipur Kadipur 05/06/2023 DBAD/PUB 599.00 792.028092 MAH EN-120616 1 599.00 English Books

© Delhi Public Library
Hit Counter
free hit counter